00386pab a2200121 454500008004000000100002400040245013300064260000900197300001400206362000900220650001200229773002300241180718b2004 xxu||||| |||| 00| 0 eng d aClemmer, Richard O. a"The legal effect of the judgment": Indian land claims, ecological anthropology, social impact assessment, and the public domain c2004 ap.334-45. aFall aEcology aHuman Organization